New York... or New Jersey? - Statistics

General Stats
  • This quiz has been taken 1,052 times
  • The average score is 12 of 15
Answer Stats
Question Answer % Correct
Where the Atlantic City is located New Jersey
97%
Rochester is its third-biggest city New York
94%
Shares borders with Pennsylvania Both
92%
Has hosted the Winter Olympics twice New York
91%
Is further east New York
85%
Has the highest peak New York
85%
Has voted for a Democrat in the last 4 presidential elections Both
82%
Has an Ivy League college Both
80%
Its state capital is NOT its biggest city Both
76%
Woodrow Wilson served as its governor New Jersey
74%
Where the movie "Sleepy Hollow" takes place New York
74%
Site of the Hindenburg disaster in 1937 New Jersey
72%
Has a higher population density New Jersey
70%
The Liberty Island and Ellis Island are within its water boundries New Jersey
49%
Two women appear on its flag Both
30%
No matching quizzes found
Score Distribution
Percent of People with Each Score
Percentile by Number Answered
Your Score History
You have not taken this quiz